Paroles - Seul au paradis, Indochine - Statistiques

Statistiques générales
  • Ce quiz a été pris 31 fois
  • Le résultat moyen est 170 sur 201
Statistiques - réponses
Réponse % Correct
à
100%
au
100%
je
100%
Je
100%
aujourd'hui
93%
Aujourd’hui
93%
beau
93%
Ce
93%
C'est
93%
est
93%
et
93%
fera
93%
il
93%
Il
93%
La
93%
la
93%
Ma
93%
ma
93%
Mais
93%
me
93%
moi
93%
Mon
93%
Ne
93%
ne
93%
Paradis
93%
pars
93%
pas
93%
pour
93%
que
93%
Que
93%
sera
93%
serai
93%
Seul
93%
seul
93%
te
93%
toi
93%
un
93%
vie
93%
comme
86%
de
86%
Le
86%
sans
86%
tard
86%
t’attendrai
86%
trop
86%
Tu
86%
tu
86%
une
86%
veux
86%
des
79%
fin
79%
là-bas
79%
laisse
79%
m'y
79%
qui
79%
rejoindras
79%
soir
79%
souviens
79%
temps
79%
voir
79%
Attends-moi
71%
baiser
71%
brille
71%
couloirs
71%
opéra
71%
part
71%
quelque
71%
sois
71%
tout
71%
triste
71%
Alors
64%
dirai
64%
encore
64%
fantôme
64%
fois
64%
Les
64%
m’attendrai
64%
n’attendais
64%
n'attendais
64%
quelqu’un
64%
nos
57%
ralenti
57%
t’écrirai
57%
vois
57%
voudras
57%
elle
50%
peines
50%
pluie
50%
quand
50%
Dieu
43%
J’embrasserai
43%
années
36%
cru
36%
m'aura
36%
bénirai
29%
île
29%
Aucun quiz correspondant
Distribution des résultats
% des personnes avec chaque résultat
Percentile par nombre de réponses
Votre historique - résultats
Vous n’avez pas pris ce quiz